000
00200 a2200097 4500
001
8642
100
_a
S.M. Latif Khan Bahadur
245
_a
Lahore
260
_a
_b
Sang-e-Meel
_c
090
_c
6961
_d
6961
942
_a
NUST-CAE
_c
M
_c
33557
999
_c
243715
_d
243715